000 00276nam a22000977a 4500
999 _c515679
_d515679
082 _aTNC T1 D26p
100 _aDasgupta, A. K.
_921405
245 _aPhases of capitalism and economic theory and other essays
_cby A. K. Dasgupta
260 _aDelhi
_bOxford
_c1983
300 _a167p.